000 00750nam a2200193Ii 4500
003 JO-AjNU
008 230605s9999||||xx |||||||||||||| ||und||
040 _aJO-AjNU
_bara
_erda
_cJO-AjNU
041 _aara
050 1 4 _aLG395 2018
100 3 _aاعداد جامعة الزرقاء- الاردن,
_eauthor
_958797
245 0 0 _aالتقرير السنوي 2017-2018/ جامعة الزرقاء-الاردن
264 3 1 _aالزرقاء: جامعة الزرقاء، 2018
300 _a192ص
_bيشتمل على صور وجداول توضيحية
336 _atext
_btxt
_2rdacontent
337 _aunmediated
_bn
_2rdamedia
338 _avolume
_bnc
_2rdacarrier
650 4 _aجامغة الزرقاء - التقرير السنوي 2017-2018
_958798
999 _aA26424
_c29992
_d29992